004000000a22001450004500020001500000060000800015082001800023100002200041100002400063245006800087260002300155260000900178300000800187650005900195 a0849363000 a100 a635.25 RAB.01 aBrewster, James L aRabinowitch, Haim D aOnions and allied Crops Vol I : Botany, physiology and Genetics aFlorida, CRC Press c1990 a273 aOnion Anatomy, Onion Breeding, Allium , Onin Flowering